| 000 | 01754cam a2200421 a 4500 | ||
|---|---|---|---|
| 001 | netscapenavigato00kidd | ||
| 003 | CaSfIA | ||
| 005 | 20210118192426.0 | ||
| 007 | cr|||| | ||
| 008 | 951107s1995 ncua 001 0 eng | ||
| 010 | _a 95050053 | ||
| 040 |
_aDLC _cDLC _dBTCTA _dBAKER _dYDXCP _dOCLCG _dCaSfIA |
||
| 019 | _a123065684 | ||
| 020 | _a1566043719 | ||
| 020 | _a9781566043717 | ||
| 035 |
_a(OCoLC)33666322 _z(OCoLC)123065684 |
||
| 050 | 0 | 0 |
_aTK5105.882 _b.K53 1995 |
| 082 | 0 | 0 |
_a025.04 _220 |
| 100 | 1 | _aKidder, Gayle. | |
| 245 | 1 | 0 |
_aNetscape Navigator quick tour for Windows : _h[electronic resource] _baccessing & navigating the Internets World Wide Web / _cGayle Kidder & Stuart Harris. |
| 250 | _a2nd ed. | ||
| 260 |
_aResearch Triangle Park, N.C. : _bVentana, _cc1995. |
||
| 300 |
_axxix, 222 p. : _bill. ; _c19 x 23 cm. |
||
| 500 | _aFirst ed. by Stuart Harris. | ||
| 500 | _aIncludes index. | ||
| 630 | 0 | 0 | _aNetscape. |
| 650 | 0 | _aWorld Wide Web. | |
| 650 | 0 | _aInternet. | |
| 700 | 1 |
_aHarris, Stuart _q(Stuart H.) |
|
| 700 | 1 |
_aHarris, Stuart _q(Stuart H.). _tNetscape quick tour for Windows. |
|
| 856 | 4 | 1 |
_uhttp://www.archive.org/details/netscapenavigato00kidd _zFree eBook from the Internet Archive |
| 856 | 4 | 2 |
_uhttp://www.openlibrary.org/books/OL812804M _zAdditional information and access via Open Library |
| 029 | 1 |
_aNZ1 _b4262677 |
|
| 029 | 1 |
_aAU@ _b000012065739 |
|
| 942 | _cEB | ||
| 506 | _fНеобхідна авторизація на https://archive.org/ (створення облікового запису безкоштовно) | ||
| 506 | _fНеобхідна авторизація на https://openlibrary.org/ (створення облікового запису безкоштовно) | ||
| 999 |
_c529646 _d529646 |
||